<?xml version="1.0" encoding="UTF-8"?>
<record
    xmlns:xsi="http://www.w3.org/2001/XMLSchema-instance"
    xsi:schemaLocation="http://www.loc.gov/MARC21/slim http://www.loc.gov/standards/marcxml/schema/MARC21slim.xsd"
    xmlns="http://www.loc.gov/MARC21/slim">

  <leader>03710nam a22003377a 4500</leader>
  <controlfield tag="003">OSt</controlfield>
  <controlfield tag="005">20240805094204.0</controlfield>
  <controlfield tag="007">cr ||||||||c|a</controlfield>
  <controlfield tag="008">240805s2023    mx a|||fo|||| 001 0 spa d</controlfield>
  <datafield tag="040" ind1=" " ind2=" ">
    <subfield code="e">rda</subfield>
  </datafield>
  <datafield tag="100" ind1="1" ind2=" ">
    <subfield code="a">Castillo Cazares, Gloria Mar&#xED;a</subfield>
    <subfield code="9">189341</subfield>
  </datafield>
  <datafield tag="245" ind1="1" ind2="0">
    <subfield code="a">Diferencia entre monta natural y t&#xE9;cnicas de reproducci&#xF3;n asistida en venado cola blanca (Odocoileus virginianus) /</subfield>
    <subfield code="c">por Gloria Mar&#xED;a Castillo Cazares y Guadalupe Mora Lopez; director de tesis Elvia L&#xF3;pez P&#xE9;rez; secretario Jos&#xE9; Luis Zaragoza Ram&#xED;rez; vocal Carlos Guillermo Germ&#xE1;n Alarc&#xF3;n; secretario Jaime Gallegos S&#xE1;nchez; secretario Agust&#xED;n Ruiz Flores.</subfield>
  </datafield>
  <datafield tag="264" ind1=" " ind2="1">
    <subfield code="a">Chapingo, M&#xE9;xico :</subfield>
    <subfield code="b">El autor,</subfield>
    <subfield code="c">2023.</subfield>
  </datafield>
  <datafield tag="300" ind1=" " ind2=" ">
    <subfield code="a">1 recurso en l&#xED;nea (54 p&#xE1;ginas):</subfield>
    <subfield code="b">figuras, cuadros.</subfield>
  </datafield>
  <datafield tag="336" ind1=" " ind2=" ">
    <subfield code="2">rdacontent</subfield>
    <subfield code="a">texto</subfield>
    <subfield code="b">txt</subfield>
  </datafield>
  <datafield tag="337" ind1=" " ind2=" ">
    <subfield code="2">rdamedia</subfield>
    <subfield code="a">computadora</subfield>
    <subfield code="b">c</subfield>
  </datafield>
  <datafield tag="338" ind1=" " ind2=" ">
    <subfield code="2">rdacarrier</subfield>
    <subfield code="a">recurso en l&#xED;nea</subfield>
    <subfield code="b">cr</subfield>
  </datafield>
  <datafield tag="502" ind1=" " ind2=" ">
    <subfield code="b">IAEZ</subfield>
    <subfield code="c">Zootecn&#xED;a</subfield>
    <subfield code="d">2023.</subfield>
    <subfield code="g">LIC</subfield>
  </datafield>
  <datafield tag="504" ind1=" " ind2=" ">
    <subfield code="a">Incluye referencias bibliogr&#xE1;ficas: p&#xE1;ginas 37-41.</subfield>
  </datafield>
  <datafield tag="520" ind1=" " ind2=" ">
    <subfield code="a">El objetivo fue estudiar la efectividad de dos t&#xE9;cnicas de inseminaci&#xF3;n artificial implementadas en la UMA &#x201C;Palos Altos&#x201D; de Villaldama, Nuevo Le&#xF3;n para mejorar el desempe&#xF1;o reproductivo de un hato de hembras venado cola blanca (Odocoileus virginianus). Un grupo 22 venadas fueron agrupadas aleatoriamente en dos grupos para ser inseminadas por laparoscop&#xED;a, o v&#xED;a cervical. Las venadas que no quedaron gestantes con la inseminaci&#xF3;n artificial fueron expuestas a monta natural por un venado semental catorce d&#xED;as despu&#xE9;s de ser inseminadas. Las mediciones realizadas fueron n&#xFA;mero de venadas gestantes y n&#xFA;mero de venadas que parieron uno, dos o tres cr&#xED;as al parto. Las mediciones para el grupo de venadas gestantes por monta natural fueron consideradas el punto de referencia para comparar la efectividad de las t&#xE9;cnicas de inseminaci&#xF3;n artificial. Se calcul&#xF3; la proporci&#xF3;n para cada medici&#xF3;n para realizar una prueba de hip&#xF3;tesis por el procedimiento para Z. Con la inseminaci&#xF3;n por laparoscop&#xED;a y v&#xED;a cervical resultaron 40.0 &#xB1; 6.30% y 43.0 &#xB1; 12.50% de hembras pre&#xF1;adas, respectivamente. Todas las hembras expuestas a monta natural quedaron pre&#xF1;adas (100%). El n&#xFA;mero de cr&#xED;as nacidas de hembras inseminadas por laparoscop&#xED;a y de aquellas expuestas a monta natural fue mayor que diferente present&#xE1;ndose mayor n&#xFA;mero de partos dobles (P &#x2C2; 0.05). El tama&#xF1;o de la camada fue de 1.8, 2.1 y 1.0 para el grupo de hembras inseminadas por laparoscopia, monta natural y cervical, respectivamente y la correspondiente prolificidad fue de 183, 201 y 100%. No hubo suficientes evidencias para concluir que la t&#xE9;cnica de inseminaci&#xF3;n artificial empleada en la Unidad para la Conservaci&#xF3;n, Manejo y Aprovechamiento Sustentable de la vida silvestre (UMA) fue m&#xE1;s efectiva que la monta natural, dado que en t&#xE9;rminos de gestaci&#xF3;n y n&#xFA;mero de cr&#xED;as fue superior la monta natural. Se debe tomar en consideraci&#xF3;n el n&#xFA;mero de muestra, siendo esto un factor clave en los resultados.</subfield>
  </datafield>
  <datafield tag="650" ind1=" " ind2="4">
    <subfield code="a">Venado cola blanca</subfield>
    <subfield code="x">Gestaci&#xF3;n</subfield>
    <subfield code="9">189344</subfield>
  </datafield>
  <datafield tag="650" ind1=" " ind2="4">
    <subfield code="a">Venado cola blanca</subfield>
    <subfield code="x">Inseminaci&#xF3;n</subfield>
    <subfield code="9">189343</subfield>
  </datafield>
  <datafield tag="700" ind1="1" ind2=" ">
    <subfield code="a">Mora L&#xF3;pez, Guadalupe</subfield>
    <subfield code="9">189342</subfield>
  </datafield>
  <datafield tag="700" ind1="1" ind2=" ">
    <subfield code="a">L&#xF3;pez P&#xE9;rez, Elvia</subfield>
    <subfield code="9">68223</subfield>
    <subfield code="e">Director de tesis.</subfield>
  </datafield>
  <datafield tag="700" ind1="1" ind2=" ">
    <subfield code="a">Zaragoza Ram&#xED;rez, Jos&#xE9; Luis</subfield>
    <subfield code="9">123684</subfield>
    <subfield code="e">Secretario.</subfield>
  </datafield>
  <datafield tag="700" ind1="1" ind2=" ">
    <subfield code="a">Germ&#xE1;n Alarc&#xF3;n, Carlos Guillermo</subfield>
    <subfield code="9">47760</subfield>
  </datafield>
  <datafield tag="700" ind1="1" ind2=" ">
    <subfield code="a">Gallegos S&#xE1;nchez, Jaime</subfield>
    <subfield code="9">44418</subfield>
    <subfield code="e">Suplente.</subfield>
  </datafield>
  <datafield tag="700" ind1="1" ind2=" ">
    <subfield code="a">Ruiz Flores, Agust&#xED;n</subfield>
    <subfield code="9">100671</subfield>
    <subfield code="e">Secretario.</subfield>
  </datafield>
  <datafield tag="856" ind1=" " ind2=" ">
    <subfield code="u">http://10.13.5.2/tesis/tl/1110846-4y1311761-2_Castillo_Cazares_Gloria_MariayMora_Lopez_Guadalupe.pdf</subfield>
    <subfield code="z">DESCARGAR PDF</subfield>
  </datafield>
  <datafield tag="942" ind1=" " ind2=" ">
    <subfield code="2">Clasificaci&#xF3;n Universidad Aut&#xF3;noma Chapingo</subfield>
    <subfield code="c">TD</subfield>
  </datafield>
  <datafield tag="999" ind1=" " ind2=" ">
    <subfield code="c">220054</subfield>
    <subfield code="d">220054</subfield>
  </datafield>
  <datafield tag="952" ind1=" " ind2=" ">
    <subfield code="0">0</subfield>
    <subfield code="1">0</subfield>
    <subfield code="2">local</subfield>
    <subfield code="4">0</subfield>
    <subfield code="5">1</subfield>
    <subfield code="7">0</subfield>
    <subfield code="8">TesDigL</subfield>
    <subfield code="a">BD</subfield>
    <subfield code="b">BD</subfield>
    <subfield code="c">E_L</subfield>
    <subfield code="d">2024-08-05</subfield>
    <subfield code="l">0</subfield>
    <subfield code="o">Tesis digital</subfield>
    <subfield code="r">2024-08-05 09:30:52</subfield>
    <subfield code="w">2024-08-05</subfield>
    <subfield code="y">TD</subfield>
  </datafield>
</record>
